000
00357nam a2200133Ia 4500
008
151001s9999||||xx |||||||||||||| ||und||
100
_a
निर्मिती शिबीर बालवाडमय
245
_a
उगवती
250
_a
1
260
_b
शरदचंद्र टोंगो
260
_c
1960
300
_a
28
365
_b
7
999
_c
952891
_d
952888